Statistics for Countries, US States, Capitals, Elements, 100 Most Common Words: Starting with D

Click here to take the quiz!

General Stats

  • This quiz has been taken 9,202 times
  • The average score is 15 of 23

Answer Stats

ANSWER% Correct
Do
99%
Denmark
92%
Djibouti
86%
Delaware
86%
Dominican Republic
76%
Dominica
76%
Dhaka
68%
Dublin
68%
Dakar
68%
Denver
68%
Damascus
64%
Doha
63%
Dili
61%
Dodoma
61%
Dover
58%
Dushanbe
57%
Democratic Republic of the Congo
54%
Day
50%
Dysprosium
43%
Darmstadtium
42%
Dubnium
42%
Des Moines
40%

Score Distribution

Percentile by Number Answered

Percent of People with Each Score

Your Score History

You have not taken this quiz